000
00285nam a22001337a 4500
008
170202b xxu||||| |||| 00| 0 eng d
020
_a
9780449907450
041
_a
eng
080
_a
61
100
_a
3
101
_a
SHM
245
_a
OUTRAGEOUSPRACTICES
_c
LAURENCE.L
942
_2
udc
_c
BK
999
_c
4347
_d
4347